Los cerdos /
Guardado en:
| Autor Principal: | |
|---|---|
| Formato: | Libro |
| Publicado: |
Buenos Aires :
Hemisferio Sur,
1978
|
| Materias: | |
| Etiquetas: |
Agregar Etiqueta
Sin Etiquetas, Sea el primero en etiquetar este registro!
|
| LEADER | 01252nam a22002415a 4500 | ||
|---|---|---|---|
| 001 | CEM.cems015985 | ||
| 005 | 20121107131445.0 | ||
| 008 | 130507s1978##################000#0#####d | ||
| 003 | CEMS | ||
| 082 | 0 | 4 | |a 636.4 |
| 100 | 1 | |a Machado, Luiz Carlos Pinheiro | |
| 245 | 1 | 0 | |a Los cerdos / |c Luiz Carlos Pinheiro Machado, |
| 260 | |a Buenos Aires : |b Hemisferio Sur, |c 1978 | ||
| 300 | |a 537 p. | ||
| 505 | 0 | |a Origen e historia -- El cerdo en el mundo -- Funciones económicas -- Condiciones esenciales -- Evolución cerdo-carne -- Estuidio morfológico -- Razas -- Juzgamiento -- Reproducción -- Manejo -- Sistemas de crianza -- La cabaña -- Instalaciones y equipos -- Elección de la raza y de los reproductores -- Crecimiento y desarrollo -- Métodos de evaluación -- Selección y mejoramiento -- Alimentación -- Sanidad -- Administración de la empresa -- Fundamentos de la planificación | |
| 653 | |a Ganadería | ||
| 653 | |a Porcinos-alojamiento | ||
| 653 | |a Porcinos-alimentación | ||
| 653 | |a Porcinos-reproducción | ||
| 653 | |a Porcinos | ||
| 859 | |a CEMS |b BIB. CEMS - Agricultura |h 636.4 |i M180 |p A1636.12 |t Ej.2 | ||
| 859 | |a CEMS |b BIB. CEMS - Agricultura |h 636.4 |i M180 |p A1874.13 |t Ej.3 | ||
| 859 | |a CEMS |b BIB. CEMS - Agricultura |h 636.4 |i M180 |p A7172.79 |t Ej.1 | ||
